Statistics for Players With TD Receptions From Vinny Testaverde

Click here to take the quiz!

General Stats

  • This quiz has been taken 19 times
  • The average score is 13 of 70

Answer Stats

TeamTDsReceiver% Correct
NY Jets2Leon Johnson
80%
Dallas, NY Jets14Keyshawn Johnson
80%
Cleveland1Rico Smith
73%
Carolina1Steve Smith
73%
Baltimore1Calvin Williams
60%
Cleveland/Baltimore29Michael Jackson
53%
New England1Troy Brown
47%
NY Jets4Santana Moss
40%
NY Jets17Wayne Chrebet
33%
Tampa Bay2Jesse Anderson
33%
Tampa Bay2Gary Anderson
33%
NY Jets6Richie Anderson
33%
Cleveland/Baltimore2Earnest Byner
33%
Baltimore3Eric Green
33%
Carolina1Drew Carter
27%
Tampa Bay1Gerald Carter
27%
NY Jets3Curtis Martin
27%
Cleveland1Andre Rison
27%
Baltimore6Jermaine Lewis
27%
NY Jets3Keith Byars
20%
Tampa Bay3James Wilder
20%
Dallas1Jeff Robinson
20%
Dallas6Jason Witten
20%
Cleveland, Tampa Bay26Mark Carrier
20%
Cleveland4Eric Metcalf
13%
Tampa Bay1William Harris
13%
Tampa Bay20Bruce Hill
13%
NY Jets10Anthony Becht
13%
Carolina1Jeff King
13%
Tampa Bay5Willie Drewrey
13%
NY Jets9Laveranues Coles
13%
Tampa Bay9Ron Hall
13%
Tampa Bay1William Howard
13%
NY Jets7Dedric Ward
13%
NY Jets5Kyle Brady
13%
Baltimore2Floyd Turner
13%
NY Jets1Marcus Coleman
7%
Cleveland/Baltimore18Derrick Alexander
7%
NY Jets1James Dearth
7%
NY Jets1Jermaine Wiggins
7%
NY Jets1Jumbo Elliott
7%
NY Jets1LaMont Jordan
7%
Tampa Bay1Courtney Hawkins
7%
Dallas1Terrance Copper
7%
Tampa Bay1Danny Peebles
7%
Tampa Bay1John Harvey
7%
Tampa Bay1Lars Tate
7%
Tampa Bay1Stanford Jennings
7%
Tampa Bay1Tyji Armstrong
7%
Cleveland3Leroy Hoard
7%
Dallas1Terry Glenn
7%
Cleveland2Frank Hartley
7%
Dallas1Patrick Crayton
7%
Baltimore1Bam Morris
7%
Tampa Bay2Bruce Perkins
7%
Cleveland1Lawyer Tillman
7%
Cleveland1Randy Baldwin
7%
Tampa Bay2Anthony McDowell
7%
Cleveland1Ron Wolfley
7%
Cleveland1Walter Reeves
7%
NY Jets2Fred Baxter
7%
Tampa Bay2Lawrence Dawsey
7%
Baltimore1Herman Arvie
7%
Carolina1Christian Fauria
7%
Carolina1Dante Rosario
7%
Cleveland9Keenan McCardell
7%
Cleveland/Baltimore5Brian Kinchen
7%
Cleveland2Tommy Vardell
7%
Dallas1Darian Barnes
7%
Baltimore1Jonathan Ogden
7%

Score Distribution

Percentile by Number Answered

Percent of People with Each Score

Your Score History

You have not taken this quiz